| 000 | 00613nam a2200241Ia 4500 | ||
|---|---|---|---|
| 003 | OSt | ||
| 005 | 20221005032529.0 | ||
| 006 | a|||||r|||| 00| 0 | ||
| 007 | ta | ||
| 008 | 221004b |||||||| |||| 00| 0 eng d | ||
| 024 | _a28314 | ||
| 037 | _cTextual | ||
| 040 |
_aCRL _cCRL _beng |
||
| 041 |
_2eng _aeng |
||
| 082 | _aE, M0 | ||
| 100 |
_aCoudert Allison _9585238 |
||
| 245 | 0 |
_aAlchemy _b The philosopher's stone |
|
| 260 |
_aColorad _bShambhala USA _c1980 |
||
| 300 |
_a239p _ccm. |
||
| 650 | _aCHEMISTRY | ||
| 942 |
_hE, M0 _cTEXL _2cc |
||
| 999 |
_c939895 _d939895 |
||